El señor presidente

Guardat en:
Dades bibliogràfiques
Autor principal: Asturias, Miguel Angel (Autor)
Format: Llibre
Idioma:espanyol
Publicat: Madrid Alianza 1981
Col·lecció:El Libro de Bolsillo Alianza, 829
Matèries:
Etiquetes: Afegir etiqueta
Sense etiquetes, Sigues el primer a etiquetar aquest registre!

MARC

LEADER 00000nam a2200000 a 4500
001 UCX5703
003 CL-VaPUC
008 930108e19810000SP |||||||||||||||||spa|d
082 0 4 |a Gu863  |b AST  |2 21 
100 0 |a Asturias, Miguel Angel  |e author  |9 309802 
245 1 3 |a El señor presidente 
300 |a 306 p 
942 |c BK 
945 |d 19930108 00:00:00 
260 |a Madrid  |b Alianza  |c 1981 
650 0 |a Novelas guatemaltecas  |9 315656 
583 |a last modification  |c 19930108 00:00:00  |k Rodrigo Vera 
490 0 |a El Libro de Bolsillo Alianza, 829 
999 |c 225899  |d 225897 
952 |0 0  |1 0  |4 0  |6 GU_863_000000000000000_AST_1981  |7 0  |8 A  |9 223819  |a BIBEDU  |b BIBEDU  |d 2019-11-15  |i 2926407  |o Gu863 AST 1981  |p 2926407  |r 2019-11-15  |w 2019-11-15  |y BK  |k LIT